000 00465nam a2200181Ia 4500
001 10397
005 20260306161829.0
008 260306t1973||||xx |||||||||||||| ||spa||
041 _aESP
082 _a923.1
_bL87
100 _aLópez de Romaña, Fernando
_eAUT
245 0 _aDatos biográficos de Eduardo López de Romaña:
_b1847 - 1912
260 _c1973
300 _a90 páginas :
_c22 cm.
650 _aGEN
654 _aCHU
942 _cLIB
_dJUS
_fJUS
_2ddc
_n
999 _c10397
_d10397